| 000 | 01893nam a2200361 c 4500 | ||
|---|---|---|---|
| 003 | BLK | ||
| 005 | 20190625114401.0 | ||
| 008 | 180411b bul|||||r ||||||| ||bul|| | ||
| 010 | _aKNG00206873000 | ||
| 020 |
_a978-954-01-3190-0 _bиздат.: Просвета - на том (Тетр.) |
||
| 040 | _aBLK | ||
| 041 |
_aBUL _cBUL |
||
| 072 | 7 |
_2bullib _aН372 _xУчебни предмети. Учебници Н |
|
| 080 |
_aСпециално обучение като елемент на общообразователното обучение - Обучение по техника, домакинство, селско стопанство и др. _b373.6 _x(076)(075.2) _z373.6(076)(075.2) |
||
| 100 | 1 |
_aВитанов, Любен Владимиров _eпърви автор _9366231 |
|
| 700 | 1 |
_aКуманова-Ларде, Донка _eсъавт. _9347630 |
|
| 139 |
_aВитанов, Любен Владимиров и др. _bВ 65 |
||
| 245 | 1 | 0 |
_aТехнологии и предприемачество V клас _cЛюбен Владимиров Витанов; съавт. Донка Куманова-Ларде. _nТетр. |
| 257 | _aBGR | ||
| 260 |
_аСофия _c2016 _fСофия : Ропринт |
||
| 300 | _c29 см | ||
| 380 | _a3 | ||
| 650 | 4 |
_aТруд и техника _9292793 |
|
| 653 | _aучебни помагала | ||
| 653 | _aосновно образование | ||
| 659 | _aН | ||
| 760 | 1 |
_3- на том (Тетр.) _aВитанов, Любен Владимиров _dПросвета, 2016 _h43 с. : с ил., [6] л. цв. ил. _nЗагл. на кор.: Тетрадка по технологии и предприемачество 5. клас _tТетр. |
|
| 852 | _aЦб ІІ 21777 | ||
| 856 | 4 |
_qpdf _u |
|
| 856 | 4 |
_qpdf _u |
|
| 942 |
_cKNG _n0 _01 |
||
| 944 |
_aCR _c25.05.2017 _kВиолета_Тройчева |
||
| 944 |
_aED _c08.02.2018 _kВиолета_Тройчева |
||
| 999 |
_c197592 _d197592 |
||